Cuentos de soldados / (Registro nro. 2648)

Detalles MARC
000 -LEADER
fixed length control field 01336nam a2200205 a 4500
008 - CAMPO DE CONTROL (LIBRO)
fixed length control field 100617t1998||||ag |||g |||| pa1pj spa d
020 ## - INTERNATIONAL STANDARD BOOK NUMBER
ISBN 9879186699
041 ## - CODIGO DE IDIOMA
Código de idioma del texto/pista de sonido o título separado spa
092 ## - SIGNATURA TOPOGRAFICA DEWEY LOCAL
número de clasificación 808
libristica 7
sección BIE
100 1# - ENTRADA PRINCIPAL--NOMBRE PERSONAL
Nombre personal Bierce, Ambrose
9 (RLIN) 3508
245 ## - TITULO PROPIAMENTE DICHO
Título Cuentos de soldados /
Mención de responsabilidad y remanente de la transcripción de la portada Ambrose Bierce.
250 ## - MENCION DE EDICION
Mención de edición 1a ed.
Mención de responsabilidad relacionada con la ed. Traducción y prólogo Enrique Elios
260 ## - PIE DE IMPRENTA
Lugar de publicación, distribución, etc Buenos Aires:
Nombre de la editorial, distribuidor, etc NEED;
Fecha de publicación 1998.
300 ## - DESCRIPCION FISICA
Extension 93 p.
500 ## - NOTA GENERAL
Nota general Bierce, A. (1998). Cuentos de soldados. (1a ed.). Buenos Aires : NEED.
505 ## - NOTA DE CONTENIDO
Nota de contenido formateada Ambrose Bierce, el aventurero, el periodista, el creador de algunos de los relatos fundantes del humor negro, el hombre de los universos fantásticos. Presentamos aqui una colecciones de sus cuentos fundamentales que permitirá al lector atento acercarse al mundo que Bierce nos ofrece. Este escritor fue uno de los primeros excéntricos de la tradición norteamericana que abriría camino para roda la gran narrativa que Estados Unidos daría en este siglo. Como Poe y Melville, Bierce no necesitó al otro lado del Atlántico y supo así rescatar y dar un nuevo tono a su pluma para reflejar en sus ficciones toda la fuerza y contradicción que anidaban en el corazón de esa nación naciente.
590 ## - NOTAS LOCALES (RLIN)
Nota local Proyecto 4to libro. Donación María Vitarelli, Diciembre 2017
655 ## - MATERIA - GENERO/FORMA
Género/Forma Cuentos
-- 2945
942 ## - ADDED ENTRY ELEMENTS (KOHA)
Source of classification or shelving scheme Dewey Decimal Classification
Item type LITERATURA
Existencias
Estado de retiro Existencia Fuente de clasificación Estado general No para prestamo Ubicación permanente ubicación actual Sala de ubicación Fecha de adquisición Fuente de adquisición Total Checkouts Número de clasificación Código de barras Date last seen Número de ejemplar Price effective from Koha tipo de elemento (item) Public note
    Dewey Decimal Classification     Biblioteca Medicina Biblioteca Medicina Circulación 07/02/2018 Proyecto 4to libro. Donación de María Vitarelli, Diciembre 2017.   808 7 BIE 4167 07/02/2018 Ej. 1 07/02/2018 LITERATURA Proyecto 4to libro. Donación de María Vitarelli, Diciembre 2017.

UNIVERSIDAD NACIONAL DEL COMAHUE
Biblioteca de la Facultad de Ciencias Médicas
Sede Toschi: Los Arrayanes y Av. Toschi, Cipolletti  - Rio Negro
Sede Los Tordos:  Yrigoyen al 2211, Cipolletti - Rio Negro 

Teléfono: 0299 - 4774707 int 25
Contacto: biblioteca@facimed.uncoma.edu.ar
© 2011 - 2026